Szczegóły MARC21

Uwarunkowania rozwoju koordynacji ruchowej w tańcu na podstawie wyników badań uczennic szkół baletowych = Conditions of development movement coordination in dance (on basic of investigations ballet school female students) /

003 -Nazwa inst., której nr kontr. jest w polu 001 [,]
    • @
    • Nazwa instytucji, której n kontrolny jest w polu 001
    • NUKAT
005 -DATA I CZAS OSTATNIEJ MODYFIKACJI [,]
    • @
    • pole kontrolne
    • 20241231093837.0
020 -Międzynarod. znormalizowany nr książki - ISBN [ , ]
    • a
    • Numer ISBN
    • 9788392642060 Find
040 -Instytucja sporządzająca opis [ , ]
    • a
    • Instytucja, która sporządziła opis (NP)
    • KR U/maj
    • c
    • Instytucja, która sporządziła rekord (NP)
    • KR U/maj
041 -Język dokumentu [0, ]
    • a
    • Język tekstu (P)
    • polski
    • b
    • Język streszczeń lub abstraktu (P)
    • angielski
    • b
    • Język streszczeń lub abstraktu (P)
    • rosyjski
942 -Rodzaj dokumentu [ , ]
    • c
    • Rodzaj dokumentu
    • Książka
100 -Hasło główne - nazwa osobowa [1, ]
    • a
    • Nazwa osobowa (NP)
    • Starosta, Włodzimierz.
    • 9
    • KHW
    • 1668
245 -Strefa tytułu i oznaczenia odpowiedzialności [1,0]
    • a
    • Tytuł
    • Uwarunkowania rozwoju koordynacji ruchowej w tańcu na podstawie wyników badań uczennic szkół baletowych = Find
    • b
    • Ciąg dalszy tytułu (NP)
    • Conditions of development movement coordination in dance (on basic of investigations ballet school female students) / Find
    • c
    • Pozostałe elementy strefy tytułu i oznaczenia odpowiedzialności (NP)
    • Włodzimierz Starosta, Aleksandra Karpińska ; Międzynarodowe Stowarzyszenie Motoryki Sportowej = International Association of Sport Kinetics (IASK).
246 -Wariant tytułu [3,1]
    • a
    • Tytuł (NP)
    • Conditions of development movement coordination in dance (on basic of investigations ballet school female students)
260 -Strefa adresu wydawniczego [ , ]
    • a
    • Miejsce wydania (P)
    • Warszawa ;
    • a
    • Miejsce wydania (P)
    • Międzyrzec Podlaski :
    • b
    • Nazwa wydawcy (P)
    • Wydawnictwo "INTERGRAF" ;
    • a
    • Miejsce wydania (P)
    • Gorzów Wielkopolski :
    • b
    • Nazwa wydawcy (P)
    • Akademia Wychowania Fizycznego w Poznaniu. Zamiejscowy Wydział Kultury Fizycznej,
    • c
    • Data wydania (P)
    • 2009.
300 -Strefa opisu fizycznego [ , ]
    • a
    • Określenie formy książki i/lub objętość (NP)
    • 350 s. :
    • b
    • Oznaczenie ilustracji (NP)
    • il. ;
    • c
    • Format (NP)
    • 24 cm.
336 -Typ zawartości [ , ]
    • a
    • Termin opisujący typ zawartości
    • Tekst
    • b
    • Kod określający zawartość
    • txt
    • 2
    • Źródło (terminu i kodu)
    • rdacontent
337 -Typ mediów [ , ]
    • a
    • Tryb odtwarzania
    • Bez urządzenia pośredniczącego
    • b
    • Kod typu mediów
    • n
    • 2
    • Źródło (terminu i kodu)
    • rdamedia
338 -Typ/rodzaj nośnika [ , ]
    • a
    • Hasło opisujące typ nośnika
    • Wolumin
    • b
    • Kod typu nośnika
    • nc
    • 2
    • Źródło (terminu i kodu)
    • rdacarrier
490 -Strefa serii i książki wielotomowej - forma nie do wyszukiwania [1, ]
    • a
    • Tytuł (P)
    • Biblioteka IASK ; Find
    • v
    • Numeracja (P)
    • vol. 27
830 -Hasło dodatkowe serii i opisu książki wielotomowej - tytuł ujednolicony/tytuł [ ,0]
    • a
    • Tytuł ujednolicony/tytuł (NP)
    • Biblioteka Międzynarodowego Stowarzyszenia Motoryki Sportowej
    • v
    • Oznaczenie tomu (NP)
    • vol. 27
    • 9
    • KHW
    • 1673
504 -Uwaga dot. bibliogr. załącznikowej [ , ]
    • a
    • Uwaga dot. bibliografii załącznikowej
    • Bibliogr. s. 279-292. Indeks.
546 -Uwaga dot. języka [ , ]
    • a
    • Uwaga dot. języka
    • Streszcz. ang. i ros.
080 -Uniwersalna Klasyfikacja Dziesiętna [ , ]
    • 2
    • Identyfikator wydania tablic
    • UDC-P058
    • a
    • Symbol klasyfikacji
    • 796.012
    • b
    • Dopowiedzenie
    • Fizjologia sportu. Fizjologia wysiłku. Motoryka.
080 -Uniwersalna Klasyfikacja Dziesiętna [ , ]
    • 2
    • Identyfikator wydania tablic
    • UDC-P058
    • a
    • Symbol klasyfikacji
    • 793.3
    • b
    • Dopowiedzenie
    • Taniec. Tańce narodowe, towarzyskie.
080 -Uniwersalna Klasyfikacja Dziesiętna [ , ]
    • 2
    • Identyfikator wydania tablic
    • UDC-P058
    • a
    • Symbol klasyfikacji
    • 792.8
    • b
    • Dopowiedzenie
    • Przedstawienia choreograficzne. Balet. Taniec sceniczny.
980 -Symbol UKD [ , ]
    • a
    • UKD
    • 796.012:793.3:792.8
700 -Hasło dodatkowe - nazwa osobowa [1, ]
    • a
    • Nazwa osobowa (NP)
    • Karpińska, Aleksandra Find
    • c
    • Dopowiedzenie inne niż daty biograficzne (NP)
    • (wychowanie fizyczne).
    • 9
    • KHW
    • 575914
710 -Hasło dodatkowe - nazwa ciała zbiorowego [2, ]
    • a
    • Nazwa ciała zbiorowego lub nazwa geograficzna jako pierwszy element (NP)
    • Wydawnictwo Intergraf.
    • 4
    • Kod relacji
    • pbl
    • 9
    • KHW
    • 647258
920 -ISBN [ , ]
    • a
    • ISBN
    • 978-83-926420-6-0 Find
Numer inwentarzowy Data inwentaryzacji Status udost. Sygnatura Lokalizacja
WF.85542009-08-121Taniec 11BM